LIBRARY & INFORMATION CENTRE, KCAET, TAVANUR

ONLINE PUBLIC ACCESS CATALOGUE (OPAC)

3D Studio Max 2 Fundamentals (Record no. 19429)

MARC details
000 -LEADER
fixed length control field 00437nam a22001817a 4500
003 - CONTROL NUMBER IDENTIFIER
control field OSt
008 - FIXED-LENGTH DATA ELEMENTS--GENERAL INFORMATION
fixed length control field 250221b |||||||| |||| 00| 0 eng d
020 ## - INTERNATIONAL STANDARD BOOK NUMBER
ISBN 81-7635-164-4
041 ## - LANGUAGE CODE
Language code of text/sound track or separate title eng
082 ## - DEWEY DECIMAL CLASSIFICATION NUMBER
Classification number 006.6
Item number PET/3D
100 ## - MAIN ENTRY--AUTHOR NAME
Personal name Peterson, Michael Tadd
245 ## - TITLE STATEMENT
Title 3D Studio Max 2 Fundamentals
250 ## - EDITION STATEMENT
Edition statement 1st
260 ## - PUBLICATION, DISTRIBUTION, ETC. (IMPRINT)
Place of publication New Delhi:
Name of publisher Techmedia,
Year of publication 1998
300 ## - PHYSICAL DESCRIPTION
Number of Pages 529p.
700 ## - ADDED ENTRY--PERSONAL NAME
Personal name Minton, Larry.
942 ## - ADDED ENTRY ELEMENTS (KOHA)
Koha item type Books
Holdings
Withdrawn status Lost status Damaged status Home library Current library Date acquired Source of acquisition Cost, normal purchase price Full call number Accession Number Koha item type
      KAUAET KAUAET 21/02/2025 Punima Book Distributors, Bangalore 275.00 006.6 PET/3D 20428 Books
free website counter